En Rusia todo es posible : relatos de la desmesura /

Ensayo acerca de la identidad del pueblo ruso, centrado principalmente en la población femenina. Tras una descripción del carácter y costumbres de los rusos, son presentados varios retratos que reflejan la compleja psicología de la mujer rusa, que -a juicio del autor- es la mayor riqueza de esta gra...

Fuld beskrivelse

Guardado en:
Bibliografiske detaljer
Hovedforfatter: Santos, Anselmo (autor)
Format: Bog
Sprog:spansk
Udgivet: España : edición de autor, 2003, c2003
Fag:
Tags: Tilføj Tag
Ingen Tags, Vær først til at tagge denne postø!

MARC

LEADER 00000nam^a2200000^a^4500
001 000154112
005 20250521000000.0
009 20260310100343.789
020 |a 84-607-6292-0 
037 |a Acervo ITESO - Biblioteca 
041 |a ESP 
082 |a 305. 420947  |b SAN 
100 |a Santos, Anselmo  |e (autor) 
245 1 0 |a En Rusia todo es posible :  |b relatos de la desmesura /  |c A. Santos. 
264 4 |a España :  |b edición de autor,  |c 2003, c2003 
300 |a 182 p. 
336 |a texto  |b txt  |2 rdacontenido 
337 |a sin mediación  |b n  |2 rdamedio 
338 |a volumen  |b nc  |2 rdasoporte 
520 |a Ensayo acerca de la identidad del pueblo ruso, centrado principalmente en la población femenina. Tras una descripción del carácter y costumbres de los rusos, son presentados varios retratos que reflejan la compleja psicología de la mujer rusa, que -a juicio del autor- es la mayor riqueza de esta gran nación de Europa del Este. 
649 |a XX 
650 |a Mujeres Rusas -  |x Condiciones Sociales y Culturales 
650 |a Identidad Nacional -  |z Rusia 
650 |a Identidad Cultural -  |z Rusia 
650 |a Prácticas Culturales -  |z Rusia 
650 |a Prácticas Culturales -  |z Rusia 
650 |a Historias de Vida 
650 |a Etnopsicología 
650 |a Psicología Social 
650 |a Antropología Cultural 
650 |a Sociología de la Cultura 
650 |a Rusia -  |x Descripción 
650 |a Rusia -  |x Condiciones Sociales y Culturales 
910 |a Fondo General 
920 |a Impresos - Libros 
930 |a Colección General 
905 |a 101 
901 |a 0500086605  |b IT1  |c ACC  |u 20250521 
902 |a https://opac.biblio.iteso.mx/vufind/Record/000154112